[Event "AB Puchko Mem"]
[Site "Alushta UKR"]
[Date "2000.03.19"]
[Round "1"]
[White "Kozakov,M"]
[Black "Khurtsidze,N"]
[Result "1/2-1/2"]
[WhiteElo "2426"]
[BlackElo "2464"]

1.e4 c5 2.Nf3 e6 3.d4 cxd4 4.Nxd4 a6 5.Bd3 Nf6 6.O-O d6 7.f4 g6 8.a4 b6 9.b3 Bg7
10.Bb2 Bb7 11.Qe2 O-O 12.Nd2 Nbd7 13.N4f3 Qc7 14.b4 Rfc8 15.Nb3 Nh5 16.Bxg7 Kxg7
17.Nbd4 Kg8 18.f5 exf5 19.Nxf5  1/2-1/2

[Event "NED-chT"]
[Site "Leeuwarden NED"]
[Date "2000.03.19"]
[Round "6"]
[White "Cuijpers,F"]
[Black "Donk,M"]
[Result "1/2-1/2"]
[WhiteElo "2466"]
[BlackElo "2312"]

1.e4 c5 2.Nf3 e6 3.d4 cxd4 4.Nxd4 a6 5.Bd3 Nf6 6.O-O Qc7 7.Qe2 d6 8.c4 g6
9.Nc3 Bg7 10.Be3 O-O 11.Rad1 Nbd7 12.f4 b6 13.Kh1 Bb7 14.Bg1 Rac8 15.Nb3 Rfe8
16.Rde1 Nh5 17.Be3 Qb8 18.Qf2 Nhf6 19.Bxb6 Ng4 20.Qg1 Nxb6 21.Qxb6 f5 22.Na4 fxe4
23.Bxe4 Rxc4 24.Qxb7 Rxa4 25.Qxb8 Rxb8 26.Bb1 Kf7 27.h3 Nf6 28.g3 Nd5 29.Re2 Rc4  1/2-1/2

[Event "55th ch-YUG"]
[Site "Subotica YUG"]
[Date "2000.03.21"]
[Round "5"]
[White "Sedlak,N"]
[Black "Mijailovic,Z"]
[Result "1/2-1/2"]
[WhiteElo "2323"]
[BlackElo "2394"]

1.e4 c5 2.Nf3 e6 3.d4 cxd4 4.Nxd4 a6 5.Bd3 Bc5 6.Nb3 Ba7 7.Nc3 Nc6 8.Qe2 d6
9.Be3 Nge7 10.a4 O-O 11.O-O Bxe3 12.Qxe3 e5 13.Bc4 Nb4 14.Qe2 Qc7 15.Rfd1 Bd7
16.Rac1 Rac8 17.Nd2 Nec6 18.Qe3 Nd4 19.Bd3 Bg4 20.Re1 Be6 21.f4 f6 22.Nf3 Qc5
23.Kh1 Rc7 24.h3 Rfc8 25.Kh2 h6 26.Kh1 Bf7 27.Kh2 Bh5 28.g4 Bf7 29.h4 Ne6
30.f5 Qxe3 31.Rxe3 Nf4 32.g5 Kf8 33.gxh6 gxh6 34.Rg1 Ke7 35.Ne1 Rg8 36.Rxg8 Bxg8
37.Ng2 Nfxd3 38.cxd3 d5 39.Nxd5+ Nxd5 40.Rg3 Kf8 41.exd5 Bxd5 42.Ne3 Bf7
43.Ng4 Rc2+ 44.Kh3 Rxb2 45.Nxf6 Rf2 46.Nd7+ Ke7 47.Nxe5 Rxf5 48.Nxf7 Kxf7
49.d4  1/2-1/2

[Event "Ciocaltea Mem"]
[Site "Bucharest ROM"]
[Date "2000.03.27"]
[Round "13"]
[White "Svetushkin,D"]
[Black "Ionescu,Co"]
[Result "0-1"]
[WhiteElo "2486"]
[BlackElo "2446"]

1.e4 c5 2.Nf3 e6 3.d4 cxd4 4.Nxd4 a6 5.Bd3 Nf6 6.O-O d6 7.c4 Bd7 8.Nc3 Nc6
9.Be3 Nxd4 10.Bxd4 Be7 11.f4 Bc6 12.Qe2 O-O 13.Rad1 Nd7 14.Nd5 exd5 15.exd5 Bf6
16.Bf2 Ba4 17.b3 Bxb3 18.axb3 a5 19.Bc2 Re8 20.Qf3 Qc7 21.h4 g6 22.h5 b5
23.hxg6 hxg6 24.f5 g5 25.Qg4 bxc4 26.Bh4 cxb3 27.Bxg5 Kf8 28.Bh6+ Ke7 29.Rfe1+ Ne5
30.Bxb3 Qb6+ 31.Qd4 Qxb3 32.Bg5 Bxg5 33.Rb1 Qg3  0-1

[Event "ch-LTU"]
[Site "Vilnius LTU"]
[Date "2000.03.27"]
[Round "3"]
[White "Sarakauskas,G"]
[Black "Zapolskis,A"]
[Result "1/2-1/2"]
[WhiteElo "2352"]
[BlackElo "2410"]

1.e4 c5 2.Nf3 e6 3.d4 cxd4 4.Nxd4 a6 5.Bd3 Qc7 6.O-O Nc6 7.Nxc6 bxc6 8.Re1 d5
9.c4 Nf6 10.exd5 cxd5 11.cxd5 Nxd5 12.Be4 Be7 13.Bxd5 exd5 14.Nc3 Be6 15.Nxd5 Bxd5
16.Qxd5 O-O 17.Bf4 Qxf4 18.Rxe7 Rac8 19.g3 Qf6 20.Qe5 Qxe5 21.Rxe5 Rc2 22.b3 Rd8
23.Ra5 Rd6 24.a3 g6 25.b4 Rf6 26.Rf1 Ra2 27.f4 Rd6 28.Rf2 Ra1+ 29.Kg2 Kg7
30.g4 h6 31.g5 hxg5 32.fxg5 Rc6 33.h4 Rd6 34.b5 axb5 35.Ra7 Kg8 36.Raxf7 Rd8
37.R7f6 Kg7 38.R2f3 Ra2+ 39.Kg3 Ra8 40.Rf7+ Kg8 41.Rb7 R2xa3 42.Rxb5 Rxf3+
43.Kxf3 Ra4 44.Kg3 Rc4 45.Rb6 Kg7 46.Rf6 Ra4 47.Rf4 Ra3+ 48.Kg4 Ra7 49.Rd4 Rf7  1/2-1/2

[Event "55th ch-YUG"]
[Site "Subotica YUG"]
[Date "2000.03.31"]
[Round "13"]
[White "Perunovic,Mil"]
[Black "Pavlovic,Mi"]
[Result "1-0"]
[WhiteElo "2384"]
[BlackElo "2481"]

1.e4 c5 2.Nf3 e6 3.d4 cxd4 4.Nxd4 a6 5.Bd3 g6 6.Be3 Bg7 7.Nc3 Ne7 8.Qd2 O-O
9.Nb3 Nbc6 10.Bh6 Bxh6 11.Qxh6 f5 12.exf5 gxf5 13.O-O-O Ng6 14.f4 Qf6 15.h4 b6
16.h5 Nge5 17.Qxf6 Nxd3+ 18.Rxd3 Rxf6 19.Nd2 b5 20.Nb3 Ra7 21.Ne2 Kf8 22.a3 Rf7
23.Rhd1 Rg7 24.g3 Ke8 25.Nc5 Rc7 26.b4 Re7 27.Rd6 Rg7 28.R1d3 Ke7 29.Rd2 Na5
30.Nxe6 Nb3+ 31.Kd1 Nxd2 32.Nxc7 Ne4 33.Rh6 Bb7 34.Nxa6 d6 35.Nc7 Nf2+ 36.Kd2 Ng4
37.Rxd6 Kxd6 38.Ne8+ Ke7 39.Nxg7 Bc8 40.Nd4 Nh6 41.Nxb5 Bd7 42.Nd4 Kf7 43.b5 Kxg7
44.b6 Bc8 45.c4 Nf7 46.c5 Kf6 47.c6 Nd6 48.Kc3 Ke7 49.Nxf5+ Bxf5 50.b7 Nb5+
51.Kb2  1-0

[Event "FSIMB April"]
[Site "Budapest HUN"]
[Date "2000.04.01"]
[Round "1"]
[White "Dolgener,T"]
[Black "Nemeth,Z"]
[Result "1-0"]
[WhiteElo "2260"]
[BlackElo "2379"]

1.e4 c5 2.Nf3 e6 3.d4 cxd4 4.Nxd4 a6 5.Bd3 g6 6.O-O Bg7 7.Be3 Ne7 8.c4 O-O
9.Nc3 d5 10.exd5 exd5 11.cxd5 Nxd5 12.Nxd5 Qxd5 13.Rc1 Rd8 14.Bc4 Qd7 15.Qf3 Qe7
16.Rfe1 Qf6 17.Bg5 Qxf3 18.Nxf3 Rf8 19.Be7 Re8 20.Ng5 Be6 21.Rxe6 Bxb2 22.Re2 Rxe7
23.Rxb2 Nc6 24.g3 Na5 25.Bxf7+ Rxf7 26.Nxf7 Kxf7 27.Rc7+ Ke6 28.Rb6+ Kd5
29.Rxh7 Kc5 30.Rxg6 Rd8 31.Rc7+ Kb5 32.Rg5+ Ka4 33.Rc2 b5 34.Rg6 Ra8 35.h4 Nc4
36.Rg4 Rh8 37.Rcxc4+ bxc4 38.Rxc4+ Ka3 39.Rc2 a5 40.Kg2 a4 41.f4 Rb8 42.Kh3 Rb2
43.Rxb2  1-0

[Event "Frisco Masters"]
[Site "San Francisco USA"]
[Date "2000.04.02"]
[Round "4"]
[White "Pruess,D"]
[Black "Ilic,Z1"]
[Result "0-1"]
[WhiteElo "2228"]
[BlackElo "2381"]

1.e4 c5 2.Nf3 e6 3.d4 cxd4 4.Nxd4 a6 5.Bd3 Qb6 6.Nb3 Qc7 7.O-O Nf6 8.Bg5 Be7
9.f4 d6 10.Qf3 Nbd7 11.Nc3 b5 12.Rae1 Bb7 13.Qh3 e5 14.Kh1 b4 15.Bxf6 Nxf6
16.Nd5 Nxd5 17.exd5 Bxd5 18.fxe5 dxe5 19.Qf5 f6 20.Qh3 Kf8 21.Nd2 Rd8 22.Ne4 Bf7
23.Ng3 h5 24.Nf5 g6 25.Nh4 Rg8 26.Qg3 f5 27.Nf3 f4 28.Qf2 Bf6 29.g3 Kg7 30.h4 Rge8
31.Ng5 Bxg5 32.hxg5 Rd4 33.Kh2 fxg3+ 34.Qxg3 Rg4 35.Qf2 e4+ 36.Kh3 Rxg5 37.Qf6+ Kh6
38.Re3 Be6+ 39.Kh4 Qh2+  0-1

[Event "FSGM April"]
[Site "Budapest HUN"]
[Date "2000.04.03"]
[Round "3"]
[White "Berkvens,J"]
[Black "Tolnai,T"]
[Result "1/2-1/2"]
[WhiteElo "2297"]
[BlackElo "2514"]

1.e4 c5 2.Nf3 e6 3.d4 cxd4 4.Nxd4 a6 5.Bd3 Qb6 6.Nb3 Qc7 7.O-O Nf6 8.c4 d6
9.Nc3 Nbd7 10.f4 b6 11.Bd2 Bb7 12.Qe2 Be7 13.Rae1 Nc5 14.Nxc5 Qxc5+ 15.Kh1 O-O
16.e5 Nd7 17.Ne4 Bxe4 18.Bxe4 Rab8 19.Bc3 dxe5 20.fxe5 g6 21.Bb1 b5 22.Rf4  1/2-1/2

[Event "Open"]
[Site "Bad Wildbad GER"]
[Date "2000.04.04"]
[Round "6"]
[White "Ristic,Nen"]
[Black "Kekelidze,M"]
[Result "0-1"]
[WhiteElo "2435"]
[BlackElo "2461"]

1.e4 c5 2.Nf3 e6 3.d4 cxd4 4.Nxd4 a6 5.Bd3 Bc5 6.Be3 Qf6 7.Nb5 Bxe3 8.Nd6+ Ke7
9.Nxc8+ Kd8 10.fxe3 Kxc8 11.Nd2 Nc6 12.Nc4 Kc7 13.Rf1 Qe7 14.Qg4 f6 15.Qg3+ d6
16.O-O-O Rd8 17.Qe1 Nh6 18.Qc3 Ng4 19.Qb3 d5 20.Nd2 Qc5 21.exd5 exd5 22.Rde1 Nxe3
23.Bxa6 Qxc2+ 24.Qxc2 Nxc2 25.Kxc2 bxa6 26.a3 Rhe8 27.b4 a5 28.bxa5 Nxa5
29.Kd3 Nc6 30.Rxe8 Rxe8 31.Rb1 Ra8 32.Rb3 Ra4 33.Nb1 Ne5+ 34.Kc2 Rf4 35.Rg3 g5
36.Nc3 Kc6 37.Ne2 Rg4 38.Rc3+ Kd7 39.Ng3 d4 40.Rb3 Rf4 41.Kb1 d3 42.Kc1 Kc6
43.Rb4 Nc4 44.Rb3 d2+ 45.Kd1 Rf2 46.Rc3 Kd5 47.Rd3+ Ke6 48.Kc2 d1=Q+ 49.Kxd1 Nb2+  0-1

[Event "FSIMB April"]
[Site "Budapest HUN"]
[Date "2000.04.08"]
[Round "8"]
[White "Rajlich,V"]
[Black "Nemeth,Z"]
[Result "1-0"]
[WhiteElo "2309"]
[BlackElo "2379"]

1.e4 c5 2.Nf3 e6 3.d4 cxd4 4.Nxd4 a6 5.Bd3 Nf6 6.O-O Qc7 7.Qe2 d6 8.Nc3 Be7
9.Kh1 Nc6 10.Nxc6 bxc6 11.f4 Nd7 12.b3 O-O 13.Bb2 Nc5 14.Rf3 Nxd3 15.cxd3 f5
16.Rc1 Qd8 17.Na4 Bd7 18.Rg3 Rf7 19.exf5 exf5 20.Nb6 Rb8 21.Nxd7 Qxd7 22.Qc2 Re8
23.Qc4 d5 24.Qxa6 Bf6 25.Bxf6 Rxf6 26.h3 Re2 27.a4 Rfe6 28.Qa8+ Kf7 29.Qh8 Rg6
30.Qxh7 Rxg3 31.Qh5+ g6 32.Qxe2 d4 33.Qc2 Qd5 34.Kh2 Re3 35.Qxc6 Qxb3 36.Qd7+  1-0

[Event "Open"]
[Site "Dos Hermanas ESP"]
[Date "2000.04.12"]
[Round "6"]
[White "Illescas Cordoba,M"]
[Black "Kovacevic,Sl"]
[Result "1-0"]
[WhiteElo "2581"]
[BlackElo "2415"]

1.e4 c5 2.Nf3 e6 3.d4 cxd4 4.Nxd4 a6 5.Bd3 Nf6 6.O-O d6 7.c4 Bd7 8.Nc3 Nc6
9.Nxc6 Bxc6 10.Qe2 Be7 11.Rd1 Qa5 12.a3 O-O 13.Bf4 Qh5 14.f3 Rfe8 15.Qf2 Nd7
16.b4 Ne5 17.Be2 Red8 18.Rac1 Rac8 19.Be3 Qg6 20.Bb6 Rf8 21.Kh1 Be8 22.c5 dxc5
23.Bxc5 Bxc5 24.bxc5 Bc6 25.Rd6 Qh6 26.Rcd1 Ng6 27.g3 Qg5 28.f4 Qe7 29.Bf3 Qc7
30.Qd4 Rfe8 31.Qb4 Nf8 32.Ne2 Bb5 33.Nd4 Qxc5 34.Nxb5 axb5 35.Qxc5 Rxc5 36.e5 Rc3
37.R6d3 Rxd3 38.Rxd3 b6 39.Bc6 Rb8 40.Bxb5 Ng6 41.Kg2 Ne7 42.Kf3 Kf8 43.g4 h6
44.Ke4 g6 45.Rd6 Nd5 46.Bc6 Ne7 47.Bb5 Nd5 48.a4 Ne7 49.h3 Kg7 50.Bd7 Rb7
51.Kd4 Rb8 52.Kc4 Nd5 53.Rxd5 exd5+ 54.Kxd5 Ra8 55.Kd6 Kf8 56.f5 Ra6 57.Bb5 Ra7
58.f6 g5 59.Kc6 Ra8 60.Kc7 Kg8 61.Kxb6 Rd8 62.a5 Rd5 63.a6  1-0

[Event "Open"]
[Site "Dos Hermanas ESP"]
[Date "2000.04.14"]
[Round "8"]
[White "Reinaldo Castineira,R"]
[Black "Kovacevic,Sl"]
[Result "1/2-1/2"]
[WhiteElo "2345"]
[BlackElo "2415"]

1.e4 c5 2.Nf3 e6 3.d4 cxd4 4.Nxd4 a6 5.Bd3 Nf6 6.O-O d6 7.c4 Bd7 8.Nc3 Nc6
9.Nxc6 Bxc6 10.Qe2 Be7 11.b4 O-O 12.Rd1 Qc7 13.Bf4 b6 14.b5 axb5 15.cxb5 Bb7
16.Rac1 Qb8 17.Bb1 Nd7 18.Qg4 Rd8 19.Qg3 Ne5 20.Ne2 Rc8 21.Rxc8+ Qxc8 22.Rc1 Qd7
23.Qb3 Rc8 24.a4  1/2-1/2

[Event "Schloss Open"]
[Site "Werther GER"]
[Date "2000.04.15"]
[Round "3"]
[White "Schaffarczyk,A"]
[Black "Preusser,R"]
[Result "0-1"]
[WhiteElo "2106"]
[BlackElo "2200"]

1.e4 c5 2.Nf3 e6 3.d4 cxd4 4.Nxd4 a6 5.Bd3 Nc6 6.Nxc6 dxc6 7.O-O e5 8.Nd2 Bd6
9.Nc4 Bc7 10.Bd2 Ne7 11.a4 O-O 12.a5 Ng6 13.Qh5 Be6 14.Rad1 Qe7 15.Qe2 Rad8
16.g3 Bh3 17.Rfe1 Qe6 18.Ne3 Nf4 19.gxf4 exf4 20.Ng2 f3 21.Qxf3 Bg4 22.Qe3 Bxd1
23.Rxd1 Be5 24.Bc3 Bxc3 25.bxc3 Qe5 26.Nf4 Qxa5 27.e5 Rde8 28.Qe4 f5 29.Qc4+ Kh8
30.Ne6 Rg8 31.Ng5 h6 32.Nf7+ Kh7 33.Bxf5+ g6 34.Qh4 gxf5+  0-1

[Event "XVIII Open"]
[Site "Metz FRA"]
[Date "2000.04.17"]
[Round "3"]
[White "Aleksieva,S"]
[Black "Timoscenko,G"]
[Result "1-0"]
[WhiteElo "2325"]
[BlackElo "2519"]

1.e4 c5 2.Nf3 e6 3.d4 cxd4 4.Nxd4 a6 5.Bd3 Nf6 6.Qe2 d6 7.c4 g6 8.b3 Bg7
9.Bb2 Nbd7 10.O-O O-O 11.Kh1 Re8 12.Nd2 Nh5 13.f4 e5 14.Nf5 Bf8 15.fxe5 dxe5
16.g3 Nc5 17.Bc2 gxf5 18.b4 Ne6 19.exf5 Neg7 20.Ne4 Nf6 21.Rad1 Qe7 22.Nd6 b6
23.c5 Bb7+ 24.Kg1 Qc7 25.Nxf7 Qxf7 26.Bb3 Nd5 27.f6 Ne6 28.Qxe5 Rad8 29.Bxd5 Bxd5
30.Rxd5 Rxd5 31.Qxd5 bxc5 32.bxc5 Bxc5+ 33.Kh1 Rd8 34.Qe4 Bd4 35.Bxd4 Rxd4
36.Qa8+ Nf8 37.Qxa6 Qd5+ 38.Kg1 Rd2 39.f7+  1-0

[Event "ch-FAI"]
[Site "Oyrabakki FAI"]
[Date "2000.04.18"]
[Round "5"]
[White "Hansen,He"]
[Black "Rodgaard,J"]
[Result "0-1"]
[WhiteElo "2060"]
[BlackElo "2362"]

1.e4 c5 2.Nf3 e6 3.d4 cxd4 4.Nxd4 a6 5.Bd3 Qb6 6.Nb3 Qc7 7.O-O Nf6 8.N1d2 d6
9.Qe1 Nc6 10.Nf3 Be7 11.Bd2 O-O 12.Qe2 b6 13.h3 Bb7 14.Rfe1 Nd7 15.Bc3 Rfd8
16.Nbd4 Nc5 17.Nxc6 Bxc6 18.Nd4 Bb7 19.Qg4 Bf8 20.Ne2 h5 21.Qxh5 Bxe4 22.Ng3 Bxd3
23.cxd3 d5 24.Qg5 d4 25.Nh5 f5 26.Nf6+ Kf7 27.Qh5+ g6 28.Qh7+ Bg7  0-1

[Event "XXXI Open"]
[Site "Mar del Plata ARG"]
[Date "2000.04.21"]
[Round "7"]
[White "Roisman,F"]
[Black "Szmetan,J"]
[Result "0-1"]
[WhiteElo "2328"]
[BlackElo "2401"]

1.e4 c5 2.Nf3 e6 3.d4 cxd4 4.Nxd4 a6 5.Bd3 Nc6 6.Be3 Qc7 7.O-O Nf6 8.Kh1 d5
9.Nxc6 dxe4 10.Nd4 exd3 11.Qxd3 Ng4 12.f4 Nxe3 13.Qxe3 Bc5 14.Nd2 O-O 15.N2b3 Ba7
16.Rae1 Bd7 17.Qg3 Rae8 18.c3 f6 19.Nf3 Bb5 20.c4 Qxc4 21.Rc1 Qxf1+ 22.Rxf1 Bxf1
23.Nfd2 Bb5  0-1

[Event "12th Open"]
[Site "Lenk SUI"]
[Date "2000.04.23"]
[Round "6"]
[White "Groszpeter,A"]
[Black "Ginsburg,M"]
[Result "1-0"]
[WhiteElo "2470"]
[BlackElo "2402"]

1.e4 c5 2.Nf3 e6 3.d4 cxd4 4.Nxd4 a6 5.Bd3 Qb6 6.Nb3 Qc7 7.O-O Nf6 8.Kh1 Be7
9.f4 d6 10.Nc3 Nc6 11.Qf3 O-O 12.Bd2 Bd7 13.Rae1 Nb4 14.Nd1 Nxd3 15.cxd3 a5
16.Ne3 a4 17.Nd4 a3 18.b3 Qb6 19.Ndc2 Qa6 20.Qe2 Bb5 21.Nb4 Qb6 22.Nc4 Qd8
23.Bc3 d5 24.exd5 Nxd5 25.Nxd5 Qxd5 26.Qg4 g6 27.Qh3 Rad8 28.f5 Bg5 29.Qg3 Be7
30.f6 Bc5 31.Re5 Bxc4 32.Rxd5 Bxd5 33.Be5 Rfe8 34.h3 Bc6 35.d4 Bb4 36.Qe3 Bd5
37.Rc1 Rc8 38.Kh2 Rc6 39.Rxc6 Bxc6 40.Qf4 Rd8 41.d5 Rxd5 42.Qxb4 Rxe5 43.Qd6  1-0

[Event "Japfa Classic"]
[Site "Bali INA"]
[Date "2000.04.28"]
[Round "6"]
[White "Milos,G"]
[Black "Gunawan,Ru"]
[Result "1-0"]
[WhiteElo "2620"]
[BlackElo "2507"]

1.e4 c5 2.Nf3 e6 3.d4 cxd4 4.Nxd4 a6 5.Bd3 Qc7 6.O-O Nc6 7.Nxc6 bxc6 8.c4 e5
9.Nc3 Nf6 10.Na4 c5 11.f4 Bd6 12.f5 h6 13.Nc3 Bb7 14.Qf3 Be7 15.Qg3 Kf8 16.Be3 Ng8
17.Rad1 d6 18.Bc2 h5 19.Rf3 Nf6 20.Bg5 Rd8 21.Qe1 Nd7 22.Bd2 Nb6 23.Qe2 h4
24.Be3 Rb8 25.Rh3 Bf6 26.g4 Qe7 27.b3 Nc8 28.Qd2 g5 29.fxg6 Qe6 30.Rf3 Qxg4+
31.Kf2 h3 32.Rg1  1-0

[Event "ch-EST"]
[Site "Tallinn EST"]
[Date "2000.05.03"]
[Round "5"]
[White "Kulaots,K"]
[Black "Sergejev,R"]
[Result "1-0"]
[WhiteElo "2499"]
[BlackElo "2377"]

1.e4 c5 2.Nf3 e6 3.d4 cxd4 4.Nxd4 a6 5.Bd3 Bc5 6.Nb3 Ba7 7.O-O Nc6 8.Qg4 Nf6
9.Qxg7 Rg8 10.Qh6 Ne5 11.Be2 d5 12.exd5 Qxd5 13.Qh3 b5 14.Nc3 Qc6 15.Na5 Qb6
16.b4 Qd4 17.Rb1 Bd7 18.Rb3 Rc8 19.Be3 Rxc3 20.Bxd4 Rxh3 21.Bxa7 Rxb3 22.axb3 Nd5
23.Ra1 Nxb4 24.Bc5 Nd5 25.Bd6 f6 26.Bh5+ Kd8 27.Nb7+ Kc8 28.Nc5 Nf4 29.Rxa6 Bc6
30.Rxc6+ Nxc6 31.Bxf4 Nd4 32.c3 Nc6 33.Bf3  1-0

[Event "Japfa Open"]
[Site "Bali INA"]
[Date "2000.05.05"]
[Round "3"]
[White "Tamin,U"]
[Black "Gunawan,Ru"]
[Result "0-1"]
[WhiteElo "2240"]
[BlackElo "2507"]

1.e4 c5 2.Nf3 e6 3.d4 cxd4 4.Nxd4 a6 5.Bd3 Nf6 6.O-O Qc7 7.c4 b6 8.Nc3 Bb7
9.Be3 Bc5 10.a3 Nc6 11.Nc2 Ne5 12.f3 Rc8 13.Be2 O-O 14.Rc1 Rfd8 15.Kh1 d5
16.cxd5 exd5 17.exd5 Nxd5 18.Nxd5 Rxd5 19.Qe1 Bxe3 20.Nxe3 Rc5 21.Rd1 Ng6
22.Bd3 Nf4 23.Qg3 g6 24.Be4 Nh5 25.Qxc7 R8xc7 26.Bxb7 Rxb7 27.Kg1 Kg7 28.Rd2 Nf4
29.Rfd1 Re7 30.Ng4 h5 31.Nf2 b5 32.g3 Ne6 33.Nd3 Rf5 34.f4 g5 35.Re2 Rd7
36.Red2 Rfd5 37.Kf2 Nc5 38.Ke3 Nb3  0-1

[Event "Japfa Open"]
[Site "Bali INA"]
[Date "2000.05.06"]
[Round "4"]
[White "Barua,D"]
[Black "Liu Dede"]
[Result "1-0"]
[WhiteElo "2555"]
[BlackElo "2370"]

1.e4 c5 2.Nf3 e6 3.d4 cxd4 4.Nxd4 a6 5.Bd3 Nc6 6.Nb3 Qc7 7.O-O Nf6 8.Nc3 b5
9.f4 d6 10.Qf3 Bb7 11.a3 Be7 12.Kh1 O-O 13.Qh3 Rad8 14.Bd2 Rfe8 15.Rae1 g6
16.Re2 Bc8 17.e5 Nh5 18.Rfe1 Bb7 19.exd6 Qxd6 20.f5 exf5 21.Bxf5 Nf6 22.Ne4 Qb8
23.Bc3 Nxe4 24.Bxe4 Bf8 25.Qf3 Qc7 26.Qf6 Ne5 27.Bxb7 Bg7 28.Qxa6 Re6 29.Qa5 Qb8
30.Bxe5 Bxe5 31.Rxe5  1-0

[Event "New York Open"]
[Site "New York USA"]
[Date "2000.05.06"]
[Round "4"]
[White "Chow,A"]
[Black "David,Alb"]
[Result "0-1"]
[WhiteElo "2291"]
[BlackElo "2520"]

1.e4 c5 2.Nf3 e6 3.d4 cxd4 4.Nxd4 a6 5.Bd3 Qc7 6.O-O Nf6 7.Qe2 d6 8.c4 Nbd7
9.f4 Be7 10.Nc3 O-O 11.Kh1 Re8 12.Bd2 g6 13.Rae1 b6 14.e5 Nh5 15.exd6 Bxd6
16.Be4 Bb7 17.Ndb5 axb5 18.Nxb5 Qb8 19.Bxb7 Rxa2 20.Qd3 Bf8 21.Bc6 Rd8 22.Bxd7 Qb7
23.Qb3 Rxd7 24.Bc3 Ra8 25.Qc2 Rad8 26.Qe2 Rd3 27.Rd1 Rxd1 28.Rxd1 Nxf4 29.Rxd8 Nxe2
30.Bb4 Nf4  0-1

[Event "3rd Open"]
[Site "Tanta City EGY"]
[Date "2000.05.06"]
[Round "4"]
[White "Medvegy,N"]
[Black "Pisk,P"]
[Result "1/2-1/2"]
[WhiteElo "2275"]
[BlackElo "2407"]

1.e4 c5 2.Nf3 e6 3.d4 cxd4 4.Nxd4 a6 5.Bd3 Qc7 6.Qe2 d6 7.O-O Nd7 8.a4 g6
9.Nc3 Bg7 10.Be3 Ngf6 11.a5 O-O 12.h3 Nc5 13.Rfd1 Bd7 14.Nb3 Nxb3 15.cxb3 d5
16.Bb6 Qe5 17.exd5 Nxd5 18.Nxd5 exd5 19.Qxe5 Bxe5 20.Rd2 Bf4 21.Be3 Bxe3
22.fxe3 Bc6 23.Re1 Rfe8 24.Bb1 Re5 25.b4 Rae8 26.Kf2 f5 27.Rd4 Kg7 28.Bc2 Kf6
29.Bb1 R8e7 30.Bc2 Rc7 31.Red1 Bb5 32.Bb3 Rce7 33.Re1 Bc6 34.Bc2 h6 35.Bb1 g5
36.g3 Bb5 37.Kf3 Rc7 38.Red1 Ba4 39.R1d2 Rc1 40.Ba2 Rf1+ 41.Kg2 Re1 42.Bxd5 R1xe3
43.Bxb7 Re2+ 44.Kg1 Bb5 45.Rd6+ Re6 46.Rxe6+ Rxe6 47.Kf2 Ke7 48.Bf3 Kf6 49.Rc2 Rd6
50.Be2 Ba4 51.Rc3 Rd2 52.Ke3 Rxb2 53.Bxa6 Rxb4 54.Be2 f4+ 55.gxf4 gxf4+ 56.Kd2 Bb3
57.a6 Bd5 58.Ra3 Rb2+ 59.Ke1 Rb1+ 60.Kf2 Rb2 61.Ke1 Rb1+ 62.Kd2 Rb2+ 63.Kd1 Ke5
64.Ra5 Kd4 65.a7 Ba8 66.Ra3 Kc5 67.Bf3 Bxf3+ 68.Rxf3 Ra2 69.Rxf4 Rxa7 70.Rf6 Kd4
71.Rxh6  1/2-1/2

[Event "3rd Open"]
[Site "Tanta City EGY"]
[Date "2000.05.09"]
[Round "6"]
[White "Crawley,G"]
[Black "Kalod,R"]
[Result "1/2-1/2"]
[WhiteElo "2400"]
[BlackElo "2445"]

1.e4 c5 2.Nf3 e6 3.d4 cxd4 4.Nxd4 a6 5.Bd3 Nf6 6.O-O Qc7 7.Qe2 d6 8.b3 Nbd7
9.Bb2 Be7 10.f4 O-O 11.Nd2 Nc5 12.Rf3 e5 13.fxe5 dxe5 14.Nf5 Bxf5 15.Rxf5 Nxd3
16.cxd3 Nd7 17.Rc1 Qb6+ 18.Kh1 Rac8 19.Nc4 Qe6 20.Rc2 f6 21.Rf1 Nb8 22.Rfc1 Nc6
23.Nb6 Rcd8 24.Nd5 Rf7 25.a3 Bf8 26.Rc4 Rfd7 27.h3 Ne7 28.Nxe7+ Bxe7 29.R1c3 Bf8  1/2-1/2

[Event "Capablanca Mem Premier I"]
[Site "Varadero CUB"]
[Date "2000.05.10"]
[Round "4"]
[White "Gongora,M"]
[Black "Zapata,A"]
[Result "0-1"]
[WhiteElo "2439"]
[BlackElo "2457"]

1.e4 c5 2.Nf3 e6 3.d4 cxd4 4.Nxd4 a6 5.Bd3 Nf6 6.O-O Qc7 7.Qe2 d6 8.f4 Nbd7
9.Kh1 Be7 10.c3 O-O 11.Nd2 Re8 12.N2f3 Nc5 13.Bc2 e5 14.fxe5 dxe5 15.Nb3 Ne6
16.Be3 Bd7 17.a4 b5 18.a5 Rac8 19.Nbd2 Bc5 20.Nh4 Nf4 21.Qe1 Ng4 22.Bxc5 Qxc5
23.Nb3 Qa7 24.Rf3 b4 25.h3 bxc3 26.bxc3 Nf6 27.Qe3 Qxe3 28.Rxe3 Bb5 29.Nc1 Rc5
30.Kh2 Rd8 31.Nf3 Bf1 32.Ne1 Bxg2 33.Nb3 Bxh3 34.Rxh3 Ng4+ 35.Kh1 Nxh3 36.Nxc5 Rd2
37.Ng2 Rxc2 38.Nxa6 Rxc3 39.Nb4 Ng5 40.Ne1 Rh3+ 41.Kg1 Rh2 42.Ra3 Nh3+ 43.Rxh3 Rxh3
44.Ned3 Nf6 45.Kg2 Rh4 46.Nc5 Ne8 47.Nd5 Nd6 48.Ne7+ Kf8 49.a6 Nb5 50.Nc6 Rh6
51.a7 Nc7 52.Nxe5 Ke7 53.Ned3 Rb6 54.Nf4 Rb2+ 55.Kf3 Ra2 56.Ncd3 Rxa7 57.Nc5 Ra3+
58.Kg4  0-1

[Event "FSIM May"]
[Site "Budapest HUN"]
[Date "2000.05.12"]
[Round "7"]
[White "Pilgaard,K"]
[Black "Nemeth,Z"]
[Result "1-0"]
[WhiteElo "2377"]
[BlackElo "2379"]

1.e4 c5 2.Nf3 e6 3.d4 cxd4 4.Nxd4 a6 5.Bd3 g6 6.c4 Bg7 7.Nb3 Ne7 8.O-O O-O
9.Nc3 Nbc6 10.Be2 b6 11.Bg5 h6 12.Be3 f5 13.Qd2 Kh7 14.f3 fxe4 15.fxe4 Rxf1+
16.Rxf1 Ne5 17.Na4 Rb8 18.Bxb6 Rxb6 19.Qa5 Bb7 20.Qxb6 Qa8 21.Nac5 Bxe4 22.Qxa6 Bxg2
23.Qxa8 Bxa8 24.Nxd7 Nf5 25.Nxe5 Bxe5 26.Bf3 Bxf3 27.Rxf3 Bxb2 28.c5 Kg7
29.c6 Be5 30.Rf2 Ne7 31.Rc2 Nd5 32.a4 Kf6 33.a5 Ke7 34.a6 Bb8 35.Kh1 Kd6
36.Nd4 Nc7 37.Rb2 Nxa6 38.Rb6 e5 39.Nb5+ Kc5 40.Rxb8 Kxc6 41.Na7+  1-0

[Event "ch-RUS Women"]
[Site "Elista RUS"]
[Date "2000.05.12"]
[Round "2"]
[White "Kochetkova,J"]
[Black "Kursova,M"]
[Result "0-1"]
[WhiteElo "2197"]
[BlackElo "2091"]

1.e4 c5 2.Nf3 e6 3.d4 cxd4 4.Nxd4 a6 5.Bd3 Nf6 6.c4 Qc7 7.Be3 d6 8.Nc3 b6
9.Rc1 Be7 10.O-O O-O 11.f4 Nbd7 12.b4 h5 13.h3 Re8 14.g4 g6 15.g5 Nh7 16.Be2 Bb7
17.Bxh5 gxh5 18.Qxh5 Qxc4 19.h4 Rac8 20.Nd5 Qd3 21.Rxc8 Rxc8 22.Nxe7+ Kf8
23.Nef5 exf5 24.Nxf5 Bxe4 25.Qh6+ Ke8 26.Nxd6+ Kd8 27.Bf2 Rc6 28.Nxf7+ Ke7
29.Qg7 Rg6 30.Qxh7 Rxg5+ 31.Nxg5+ Bxh7 32.Re1+ Kd8 33.Re3 Qd1+ 34.Kg2 Bf5
35.a3 Kc7 36.Re1 Qd5+ 37.Kg3 Nf6 38.Re5 Qd3+ 39.Re3 Qf1 40.Re7+ Kd8 41.Re5 Ne4+
42.Nxe4 Qh3+  0-1

[Event "Israeli League"]
[Site "Ramat Aviv ISR"]
[Date "2000.05.12"]
[Round "11"]
[White "Lurie,M"]
[Black "Botvinnik,Il"]
[Result "0-1"]
[WhiteElo "2276"]
[BlackElo "2405"]

1.e4 c5 2.Nf3 e6 3.d4 cxd4 4.Nxd4 a6 5.Bd3 Nf6 6.O-O e5 7.Nb3 d6 8.c4 Be7
9.Nc3 O-O 10.a4 a5 11.Bg5 Nc6 12.Bxf6 Bxf6 13.Nd5 Bg5 14.c5 dxc5 15.Nxc5 b6
16.Nb3 Ne7 17.Bc4 Bb7 18.Qd3 Nxd5 19.exd5 Qd6 20.Nc1 Rad8 21.Rd1 f5 22.Ne2 Kh8
23.Qa3 Qc7 24.b3 Be7 25.Qb2 Bc5 26.Qd2 Qe7 27.Qe1 Qh4 28.Ra2 Rd6 29.Ng3 Rh6
30.Qc3 f4  0-1

[Event "3rd Open"]
[Site "Tanta City EGY"]
[Date "2000.05.12"]
[Round "9"]
[White "Sarwat,W"]
[Black "Ahmed,Es"]
[Result "0-1"]
[WhiteElo "2407"]
[BlackElo "2363"]

1.e4 c5 2.Nf3 e6 3.d4 cxd4 4.Nxd4 a6 5.Bd3 Nf6 6.O-O Qc7 7.Kh1 d5 8.exd5 Nxd5
9.c4 Nf4 10.Be4 Nd7 11.Qa4 Bc5 12.Rd1 Bxd4 13.Rxd4 Ne2 14.Rd1 Nxc1 15.Rxc1 O-O
16.Qa3 f5 17.Bf3 Ne5 18.Nd2 Bd7 19.Re1 Rf6 20.Qe3 Ng6 21.Qb3 Rb8 22.Rac1 Nf4
23.c5 Rh6 24.Nf1 Bb5 25.Ng3 Nd3 26.Rxe6 Rxe6 27.Qxe6+ Kh8 28.Qxf5 Nxc1 29.Be4 g6
30.Qf6+ Qg7 31.Qf4 Rf8 32.Qxc1 Rxf2 33.Qd1 Qf6 34.Bxb7 Rxb2 35.c6 Rxa2 36.c7 Bd7
37.Be4 Ra1 38.Bb1 Qb6 39.Nf1 Rxb1 40.Qf3 Kg7  0-1

[Event "Cat IV Women"]
[Site "Banja Dvorovi YUG"]
[Date "2000.05.13"]
[Round "7"]
[White "Rodic Kures,G"]
[Black "Sakotic,J"]
[Result "0-1"]
[WhiteElo "2045"]
[BlackElo "2046"]

1.e4 c5 2.Nf3 e6 3.d4 cxd4 4.Nxd4 a6 5.Bd3 Qc7 6.Qe2 Bc5 7.Nb3 Ba7 8.Nc3 Nc6
9.Be3 Nf6 10.Bxa7 Rxa7 11.O-O O-O 12.f4 d6 13.Rae1 e5 14.Nd5 Qd8 15.f5 b5
16.Qf2 Ra8 17.Qg3 Bb7 18.a3 Rc8 19.Kh1 Nb8 20.Qf3 Nxd5 21.exd5 Nd7 22.Nd2 Nf6
23.Ne4 Nxe4 24.Bxe4 f6 25.Rd1 Rc4 26.c3 Qb6 27.Rfe1 a5 28.Qe2 Rfc8 29.Rd3 b4
30.Qh5 Qf2 31.Rdd1 bxc3 32.bxc3 Rxc3 33.Re2 Qc5 34.h3 Qxa3 35.Bf3 Rc1 36.Rxc1 Qxc1+
37.Kh2 Qf4+ 38.g3 Qd4 39.Rc2 Rxc2+ 40.Bg2 Rc8 41.Qf3 Rc2 42.h4 Bxd5  0-1

[Event "ch-RUS Women"]
[Site "Elista RUS"]
[Date "2000.05.14"]
[Round "4"]
[White "Gelashvili,A"]
[Black "Mirzoeva,E"]
[Result "1-0"]
[WhiteElo "2103"]
[BlackElo "2258"]

1.e4 c5 2.Nf3 e6 3.d4 cxd4 4.Nxd4 a6 5.Bd3 Bc5 6.Nb3 Ba7 7.Nc3 Nc6 8.Qe2 Nge7
9.Be3 e5 10.O-O-O O-O 11.g3 Re8 12.f4 b5 13.f5 b4 14.Nd5 Nxd5 15.exd5 Nd4
16.Bxd4 exd4 17.Qh5 h6 18.h4 Re5 19.g4 d6 20.Rdf1 f6 21.g5 Qe8 22.Qg4 h5
23.Qf4 Qf7 24.Rhg1 Re8 25.gxf6 Qxf6 26.Rg6 Qf8 27.f6 Re7 28.Rgg1 Bg4 29.Qh6 Rf7
30.Rxg4 Rxf6 31.Rxg7+  1-0

[Event "FSFM May"]
[Site "Budapest HUN"]
[Date "2000.05.16"]
[Round "11"]
[White "Erdelyi,Z"]
[Black "Kievelitz,B"]
[Result "1-0"]
[WhiteElo "2146"]
[BlackElo "2168"]

1.e4 c5 2.Nf3 e6 3.d4 cxd4 4.Nxd4 a6 5.Bd3 Qc7 6.O-O Nf6 7.Qe2 d6 8.f4 Nbd7
9.c4 Be7 10.b3 b6 11.Bb2 Bb7 12.Nd2 O-O 13.Rae1 g6 14.e5 dxe5 15.fxe5 Nh5
16.Be4 Nc5 17.Bxb7 Qxb7 18.a3 a5 19.Nb5 Rad8 20.Nd6 Qc6 21.N2e4 Nxe4 22.Nxe4 Ng7
23.Nf6+ Kh8 24.Rf3 Qc5+ 25.Kh1 Nf5 26.Qe4 Bxf6 27.exf6 Rd7 28.b4 axb4 29.axb4 Qd6
30.g4 Nh4 31.Rh3 g5 32.Bc1 h6 33.Rxh4 gxh4 34.Qe3  1-0